000 00730nam a22001217a 4500
040 _cRUA
082 _aAVM SET 2025 B705 Or.1
100 _aSETHY SOKUNMEALEA, សិទ្ធី សុគន្ធមាលា
245 _aCase of drug use in treatment on gastrointestinal parasites in feline in nirouth commune, chbar ampv district, phnom penh,ករណីប្រើប្រាស់ឳសថទម្លាក់បរាសិតក្នុងក្រពះពោះវៀន ពិឡារ នៅសង្កាត់និរោធ ក្នុងខណ្ឌច្បារអំពៅ រាជធានីភ្នំពេញ
260 _aPHNOM PENH
_bRUA
_c2025
300 _aviii,38p.
_bill.
_c29cm.
942 _cAVM
999 _c25819
_d25819